000 00520nam a2200181 i 4500
001 60125
003 ES-MaACL
005 20230906164148.0
007 t|
008 031103s1966 sp ||||1| spa d
245 0 0 _aEspaña en su prensa
_b: 1966.
260 _aMadrid :
_b[Servicio Informativo Español],
_c1966.
300 _a310 p. :
_bil. ;
_c21 cm.
490 1 _aDocumentos informativos ;
_v11
830 0 _aDocumentos informativos ;
_v11
_9182311
852 _aES-MaACL
_jC-34110
_bR.65192
999 _c60125
_d60125